000 01045nam a22002897a 4500
005 20260629113954.0
008 260629b2026 ag ||||| |||| 00| 0 spa d
020 _aTI Sentencia N° 40 fecha 25/6/26
_bSEN
110 _aTribunal de Impugnación
_91
245 _a" PALOMO, JUAN JOSE S/ HOMICIDIO EN GRADO DE TENTATIVA" /
_cTribunal de Impugnación
300 _a17p.
_bpdf
518 _a25/06/26
653 _aHOMICIDIO SIMPLE
653 _aTENTATIVA
653 _aCAUSAS DE JUSTIFICACIÓN
653 _aLEGÍTIMA DEFENSA
653 _aART. 34 INC 6 CP
653 _aARBITRARIEDAD
653 _aFALTA DE FUNDAMENTACIÓN DEL IMPUGNANTE
653 _aEXIMICIÓN EN COSTAS
700 _aTrincheri, Walter Richard
_98
700 1 _aSauli, Estefania
_970
700 1 _aPatricia Romina Lupica Cristo
_948
774 _aLEG 332445/25
856 _ahttp://152.169.108.62:81/files/01306.pdf
_ytexto completo
_uhttp://jurispenal.jusneuquen.gov.ar/cgi-bin/koha/opac-retrieve-file.pl?id=5a54aaad3b6a0a7b0306aafe7d1cb572
942 _2ddc
_cSEN
999 _c1306
_d1306